| 000 | nam a22 7a 4500 | ||
|---|---|---|---|
| 999 |
_c29872 _d29872 |
||
| 008 | 181004b xxu||||| |||| 00| 0 eng d | ||
| 020 | _a0906322677 | ||
| 050 | _aHF 5621 .F74 1985 | ||
| 100 | _aFrench, Derek | ||
| 245 |
_aDictionary of Accounting Terms/ _cDerek, French |
||
| 260 |
_aBritain: _bFinancial Training Publication, _c1985. |
||
| 300 |
_axii, 300p. ; _c28 cm |
||
| 650 | _aAccounting | ||
| 942 |
_2lcc _cREF_BOOK _hHF 5621 .F74 1985 |
||